Countries bordering Spanish speaking Countries - Statistics

General Stats
  • This quiz has been taken 25 times
  • The average score is 26 of 32
Answer Stats
Answer % Correct
Bolivia
95%
Brazil
95%
Chile
95%
Colombia
95%
France
95%
Portugal
95%
United States of America
95%
Venezuela
95%
Ecuador
90%
Guatemala
90%
Honduras
90%
Nicaragua
90%
Panama
90%
Paraguay
90%
Peru
90%
Uruguay
90%
Argentina
86%
Belize
86%
Costa Rica
86%
El Salvador
86%
Guyana
86%
Haiti
86%
Andorra
81%
Mexico
81%
Dominican Republic
71%
Morocco
71%
Cameroon
67%
United Kingdom
67%
Spain
62%
Cuba
52%
Equatorial Guinea
43%
Gabon
43%
No matching quizzes found
Score Distribution
Percent of People with Each Score
Percentile by Number Answered
Your Score History
You have not taken this quiz